Conjoined Letters IV Quiz Stats

 Plays Quiz Updated Apr 12, 2018

Score 0/56 Timer 02:00
3 Plays Today
Hint Answer % Correct
OX_upp.jpg-47O & X
88.3%
NP_upp.jpg-29N & P
88.3%
CR_upp.jpg-12C & R
88.2%
QS_upp.jpg-9Q & S
88.2%
QV_upp.jpg-23Q & V
88.2%
EP_upp.jpg-56E & P
88.2%
KS_upp.jpg-36K & S
88.2%
QT_upp.jpg-24Q & T
88.2%
PS_upp.jpg-14P & S
88.1%
SX_upp.jpg-8S & X
88.1%
qz_low.jpg-25q & z
88.1%
OY_upp.jpg-30O & Y
88.1%
PU_upp.jpg-34P & U
88.1%
su_low.jpg-46s & u
88.1%
iy_low.jpg-39i & y
88.1%
qr_low.jpg-18q & r
88.1%
OV_upp.jpg-41O & V
88%
LU_upp.jpg-27L & U
88%
JY_upp.jpg-54J & Y
88%
JM_upp.jpg-11J & M
88%
JL_upp.jpg-38J & L
88%
dr_low.jpg-3d & r
88%
dn_low.jpg-31d & n
88%
jk_low.jpg-32j & k
88%
MR_upp.jpg-53M & R
88%
af_low.jpg-19a & f
87.9%
CF_upp.jpg-10C & F
87.9%
CK_upp.jpg-33C & K
87.9%
Hint Answer % Correct
df_low.jpg-13d & f
87.9%
qs_low.jpg-20q & s
87.9%
HR_upp.jpg-43H & R
87.9%
hp_low.jpg-49h & p
87.9%
IZ_upp.jpg-15I & Z
87.9%
JR_upp.jpg-1J & R
87.8%
kn_low.jpg-42k & n
87.8%
KX_upp.jpg-51K & X
87.8%
GS_upp.jpg-7G & S
87.8%
jn_low.jpg-26j & n
87.8%
rz_low.jpg-45r & z
87.7%
at_low.jpg-35a & t
87.7%
gt_low.jpg-40g & t
87.6%
go_low.jpg-50g & o
87.6%
GH_upp.jpg-4G & H
87.6%
DP_upp.jpg-16D & P
87.5%
LS_upp.jpg-5L & S
87.4%
IV_upp.jpg-44I & V
87.3%
VX_upp.jpg-21V & X
87.1%
bg_low.jpg-2b & g
87%
GK_upp.jpg-17G & K
87%
TU_upp.jpg-37T & U
86.8%
dj_low.jpg-28d & j
86.7%
IO_upp.jpg-55I & O
85.6%
ox_low.jpg-48o & x
85.2%
EK_upp.jpg-22E & K
84.9%
AI_upp.jpg-52A & I
81.2%
lq_low.jpg-6l & q
79.8%

You're not logged in!

Compare scores with friends on all Sporcle quizzes.
OR
Log In

You Might Also Like...

Show Comments

Extras

Top Quizzes Today


Score Distribution

Your Account Isn't Verified!

In order to create a playlist on Sporcle, you need to verify the email address you used during registration. Go to your Sporcle Settings to finish the process.

Report this User

Report this user for behavior that violates our Community Guidelines.

Details: